| 000 | 00501nam a22001697a 4500 | ||
|---|---|---|---|
| 003 | BD-ChCU | ||
| 005 | 20260128143824.0 | ||
| 008 | 260128b bg ||||| |||| 00| 0 ben d | ||
| 040 | _cBD-ChCU | ||
| 082 | _a355.24 SZH | ||
| 100 |
_aSzuprowicz, Bodhan O. _919872 |
||
| 245 |
_aHow to avoid strategic materials shortages : _bdealing with cartels, embargoes and supply disruptions.// |
||
| 260 |
_aNew York. _bWiley _c1981 |
||
| 300 | _axvii, 312p | ||
| 650 | 0 |
_aStrategy _919873 |
|
| 942 |
_2ddc _cBK _n0 |
||
| 999 |
_c111364 _d111364 |
||